[Event "XV C.to Mondiale seniores"]
[Site "Lignano Sabbiadoro ITA"]
[Date "2005.10.01"]
[Round "4"]
[White "Trifunovic, Dusan"]
[Black "Wagner, Carl E."]
[Result "0-1"]
[WhiteElo "2019"]
[BlackElo "2189"]
[PlyCount "86"]
[EventDate "2005.09.28"]

1. e4 c5 2. c3 Nf6 3. d3 Nc6 4. g3 d5 5. Qe2 e6 6. Bg2 Be7 7. Bg5 O-O 8. Nd2 b6
9. Ngf3 dxe4 10. dxe4 a5 11. Bxf6 Bxf6 12. e5 Be7 13. h4 Ba6 14. Qe4 Qd3 15.
Qxd3 Bxd3 16. Ng5 Rac8 17. f4 Rfd8 18. O-O-O a4 19. Be4 h6 20. Bxc6 Rxc6 21.
Nge4 c4 22. a3 b5 23. Rhe1 Rc7 24. Nf3 Rd5 25. h5 Rcd7 26. Nd4 f6 27. exf6 gxf6
28. g4 Kf7 29. Nf2 e5 30. fxe5 fxe5 31. Nxd3 Bg5+ 32. Kb1 cxd3 33. Nc6 Bf4 34.
Nb4 R5d6 35. Re4 Kf6 36. c4 bxc4 37. Rxc4 Kg5 38. Na2 Rd4 39. Rxd4 Rxd4 40. Nc3
e4 41. Nxe4+ Rxe4 42. Rxd3 Kxg4 43. Rd5 Bg5 0-1

[Event "XV C.to Mondiale seniores"]
[Site "Lignano Sabbiadoro ITA"]
[Date "2005.10.01"]
[Round "4"]
[White "Viner, Phillip J."]
[Black "Van den Berg, Adrianus M.J."]
[Result "1/2-1/2"]
[WhiteElo "2144"]
[BlackElo "2298"]
[PlyCount "47"]
[EventDate "2005.09.28"]

1. d4 g6 2. e4 Bg7 3. Nf3 d6 4. Be2 Nf6 5. Nc3 O-O 6. O-O a6 7. a4 Nc6 8. h3 e5
9. dxe5 Nxe5 10. Nxe5 dxe5 11. Qxd8 Rxd8 12. Bg5 Be6 13. f4 Rd4 14. f5 gxf5 15.
exf5 Bc4 16. Bxc4 Rxc4 17. Rad1 Re8 18. g4 Nxg4 19. f6 Bh6 20. Bxh6 Nxh6 21.
Rd7 Kf8 22. Rf2 Ng8 23. Nd5 Re6 24. Rg2 1/2-1/2

[Event "XV C.to Mondiale seniores"]
[Site "Lignano Sabbiadoro ITA"]
[Date "2005.10.01"]
[Round "4"]
[White "Wagman, Stuart"]
[Black "Gruzmann, Boris"]
[Result "0-1"]
[WhiteElo "2142"]
[BlackElo "2278"]
[PlyCount "60"]
[EventDate "2005.09.28"]

1. e4 c5 2. Nf3 d6 3. d4 cxd4 4. Nxd4 Nf6 5. Nc3 a6 6. Be3 Ng4 7. Bc1 Nc6 8. h3
Nge5 9. Be2 e6 10. O-O Be7 11. Be3 O-O 12. f4 Ng6 13. Nb3 b5 14. g3 Bb7 15. h4
Re8 16. h5 Nf8 17. Bf3 Nd7 18. Nd4 Rc8 19. f5 Bg5 20. Qd2 Bxe3+ 21. Qxe3 Qb6
22. Rad1 Na5 23. fxe6 fxe6 24. Kh2 Nc4 25. Qg5 h6 26. Qc1 Qc5 27. Bg4 Nxb2 28.
Nd5 Nxd1 29. Qxd1 Bxd5 30. exd5 Qxd5 0-1

[Event "XV C.to Mondiale seniores"]
[Site "Lignano Sabbiadoro ITA"]
[Date "2005.10.01"]
[Round "4"]
[White "Zelkind, Eduard"]
[Black "Schumacher, Helmut"]
[Result "1-0"]
[WhiteElo "2257"]
[BlackElo "2119"]
[PlyCount "77"]
[EventDate "2005.09.28"]

1. e4 e6 2. d4 d5 3. e5 b6 4. c3 Qd7 5. h4 a5 6. a4 Ba6 7. Bxa6 Nxa6 8. h5 h6
9. Nf3 Ne7 10. Na3 c5 11. Nb5 Nc6 12. Rh3 cxd4 13. cxd4 Rc8 14. Kf1 Nc7 15. Nc3
Bb4 16. Rg3 Kf8 17. Kg1 Be7 18. Be3 Nb4 19. Ne1 Bh4 20. Rg4 Qd8 21. Qd2 Ne8 22.
Nf3 Be7 23. Rg3 Rc7 24. Rh3 f5 25. exf6 Bxf6 26. Ne5 Bxe5 27. dxe5 Rd7 28. Bd4
Kg8 29. Ne2 Rf7 30. Rd1 Qg5 31. f4 Qd8 32. Rc1 Kh7 33. Qe3 Rb7 34. Qg3 Qd7 35.
Qg6+ Kg8 36. Rhc3 Qf7 37. Rc8 Re7 38. Bxb6 Qxg6 39. hxg6 1-0

[Event "XV C.to Mondiale seniores"]
[Site "Lignano Sabbiadoro ITA"]
[Date "2005.10.01"]
[Round "4"]
[White "Zilahi, Gabor"]
[Black "Rosino, Antonio"]
[Result "0-1"]
[WhiteElo "2117"]
[BlackElo "2285"]
[PlyCount "92"]
[EventDate "2005.09.28"]

1. d4 Nf6 2. Bg5 e6 3. e3 c5 4. Nd2 Nc6 5. c3 d5 6. f4 Be7 7. Bxf6 Bxf6 8. Ngf3
b6 9. Bd3 Bd7 10. O-O O-O 11. Ne5 g6 12. Rf3 Bg7 13. Rh3 Nxe5 14. fxe5 f6 15.
Rxh7 fxe5 16. Bxg6 Qg5 17. Qh5 Qxh5 18. Rxh5 exd4 19. exd4 cxd4 20. Nf3 dxc3
21. bxc3 Bxc3 22. Rc1 Rac8 23. Rf1 Rf6 24. Bd3 Bc6 25. Rg5+ Kf8 26. Rh5 Be8 27.
Rh8+ Ke7 28. Rh7+ Rf7 29. Rh6 e5 30. Bg6 Rg7 31. Bf5 Bd7 32. Nh4 Rc6 33. Rxc6
Bxc6 34. Rc1 Bd4+ 35. Kh1 Bc5 36. Nf3 Kd6 37. h4 e4 38. Nh2 d4 39. h5 Rg5 40.
g4 d3 41. Nf1 e3+ 42. Kh2 d2 43. Rd1 Bf3 44. Nxd2 Rxh5+ 45. gxh5 Bxd1 46. Nc4+
Ke7 0-1

[Event "XV C.to Mondiale seniores"]
[Site "Lignano Sabbiadoro ITA"]
[Date "2005.10.01"]
[Round "4"]
[White "Zurel, Maxim"]
[Black "Schwertel, Johann"]
[Result "1-0"]
[WhiteElo "1945"]
[BlackElo "2068"]
[PlyCount "139"]
[EventDate "2005.09.28"]

1. e4 d5 2. exd5 Qxd5 3. Nc3 Qa5 4. Be2 Nf6 5. Nf3 c6 6. O-O Bf5 7. d3 e6 8.
Bd2 Qc7 9. Bg5 Nbd7 10. Bh4 Bd6 11. Bg3 O-O 12. Bxd6 Qxd6 13. Nh4 Rad8 14. Qd2
Bg4 15. h3 Bxe2 16. Qxe2 Qb4 17. Nf3 Qxb2 18. Qd2 Qb6 19. Rab1 Qc7 20. Rb4 b6
21. Qg5 h6 22. Qe3 Nd5 23. Nxd5 exd5 24. Re1 Qd6 25. Rb3 Nf6 26. Qe7 Rfe8 27.
Qxa7 Rxe1+ 28. Nxe1 Nd7 29. Qa4 Re8 30. Rb1 Re7 31. Kf1 d4 32. Nf3 c5 33. a3
Ne5 34. Qa8+ Kh7 35. Qe4+ g6 36. Nxe5 Rxe5 37. Qb7 Qe6 38. Rc1 Kg7 39. a4 c4
40. Qf3 c3 41. Qf4 Qd6 42. Qg3 f6 43. Qf3 f5 44. Rb1 Re6 45. Qb7+ Kf6 46. Qh7
Kg5 47. h4+ Kh5 48. Qb7 Kxh4 49. Qf3 Kg5 50. Qh3 Qf4 51. g3 Qg4 52. f4+ Kf6 53.
Qxg4 fxg4 54. Rb4 Rd6 55. Rb5 Ke6 56. Re5+ Kd7 57. a5 bxa5 58. Rxa5 Kc6 59. Ke2
Re6+ 60. Kf2 Kb6 61. Rd5 Rf6 62. Rxd4 g5 63. Ke3 gxf4+ 64. Rxf4 Re6+ 65. Re4
Rg6 66. Rc4 h5 67. Kf2 Rf6+ 68. Kg2 Re6 69. Re4 Rd6 70. Rc4 1-0

[Event "XV C.to Mondiale seniores"]
[Site "Lignano Sabbiadoro ITA"]
[Date "2005.10.02"]
[Round "5"]
[White "Akopian, Gagik"]
[Black "Karasev, Vladimir I."]
[Result "0-1"]
[WhiteElo "2258"]
[BlackElo "2390"]
[PlyCount "108"]
[EventDate "2005.09.28"]

1. e4 c5 2. Nf3 e6 3. d4 cxd4 4. Nxd4 a6 5. Bd3 Nf6 6. O-O Qc7 7. Qe2 d6 8. Kh1
Nbd7 9. c4 Ne5 10. f4 Nxd3 11. Qxd3 Be7 12. Nc3 O-O 13. Be3 Rd8 14. Rac1 Bd7
15. Qe2 Rac8 16. b3 Qa5 17. f5 e5 18. Nf3 b5 19. Nd5 Nxd5 20. cxd5 b4 21. Rxc8
Rxc8 22. Rc1 Rxc1+ 23. Bxc1 Qc7 24. Be3 Bb5 25. Qd2 a5 26. Kg1 Bd8 27. Kf2 h5
28. Ne1 g6 29. fxg6 fxg6 30. Qc1 Qf7+ 31. Nf3 Bd3 32. Qc8 Qe8 33. Qe6+ Qxe6 34.
dxe6 Bxe4 35. e7 Bxe7 36. Bb6 Bxf3 37. gxf3 d5 38. Bc7 Bc5+ 39. Ke2 e4 40. fxe4
dxe4 41. Bxa5 g5 42. h3 Kf7 43. Bd8 Kg6 44. Bc7 Kf5 45. Bg3 h4 46. Be1 g4 47.
Bxh4 gxh3 48. Bg3 Bg1 49. Kf1 Kg4 50. Bd6 Bd4 51. Ke2 Bc5 52. Bc7 Bg1 53. Kf1
Be3 54. Bd6 Kf3 0-1

[Event "XV C.to Mondiale seniores"]
[Site "Lignano Sabbiadoro ITA"]
[Date "2005.10.02"]
[Round "5"]
[White "Asmundsson, Ingvar"]
[Black "Klovans, Janis"]
[Result "0-1"]
[WhiteElo "2299"]
[BlackElo "2463"]
[PlyCount "88"]
[EventDate "2005.09.28"]

1. e4 e5 2. Nf3 Nc6 3. Bb5 a6 4. Bxc6 dxc6 5. O-O f6 6. d4 exd4 7. Nxd4 c5 8.
Ne2 Qxd1 9. Rxd1 Bd7 10. Be3 O-O-O 11. Nbc3 Bd6 12. Bf4 Bxf4 13. Nxf4 Nh6 14.
f3 Rde8 15. Nh5 Rhg8 16. Kf2 f5 17. Ng3 fxe4 18. Ncxe4 b6 19. Re1 Nf7 20. h3
Ne5 21. Nd2 a5 22. Re3 Nc6 23. Rxe8+ Rxe8 24. a3 Nd4 25. c3 Nc6 26. Re1 Ne5 27.
Re3 c4 28. Ke2 b5 29. Nh5 Nd3 30. Nxg7 Rg8 31. Re7 Kd8 32. Rf7 Ne5 33. Rxd7+
Kxd7 34. Nh5 Rxg2+ 35. Ke3 Nd3 36. b3 Ne1 37. bxc4 Nc2+ 38. Kd3 Nxa3 39. cxb5
Nxb5 40. Nb3 Rg5 41. Nf6+ Ke6 42. Ne4 Rd5+ 43. Ke3 Nd6 44. Nd4+ Kf7 0-1

[Event "XV C.to Mondiale seniores"]
[Site "Lignano Sabbiadoro ITA"]
[Date "2005.10.02"]
[Round "5"]
[White "Belloni, Umberto"]
[Black "Norrito, Salvatore"]
[Result "1-0"]
[WhiteElo "1910"]
[BlackElo "1625"]
[PlyCount "190"]
[EventDate "2005.09.28"]

1. e4 e5 2. Nf3 Nc6 3. Bb5 Bc5 4. O-O Nge7 5. c3 a6 6. Ba4 O-O 7. d4 exd4 8.
cxd4 Ba7 9. d5 b5 10. Bb3 Na5 11. Bc2 d6 12. b3 c5 13. Re1 c4 14. b4 Nb7 15.
Nc3 Bd7 16. Bb2 a5 17. a3 a4 18. Qd2 f6 19. Nh4 Be8 20. Nf5 Nxf5 21. exf5 Qb6
22. Qf4 Nd8 23. Rad1 Nf7 24. Bc1 Bd7 25. Re3 Rae8 26. Rg3 Re5 27. Be3 Qb7 28.
Bxa7 Qxa7 29. Qh4 Rfe8 30. Rf1 Qb7 31. Qxf6 Kf8 32. Qxg7+ Ke7 33. f6+ Kd8 34.
Qxf7 Qb6 35. Rg7 Qb7 36. Rxh7 Qc8 37. Qxd7+ Qxd7 38. Rxd7+ Kxd7 39. g3 Rf8 40.
Rd1 Rxf6 41. Kf1 Kc7 42. Nxb5+ Kb6 43. Nc3 Rf3 44. Nb1 Kb5 45. Kg2 Rf8 46. Nc3+
Ka6 47. Be4 Rh8 48. Rd4 Reh5 49. h4 Rc8 50. Rxc4 Rg8 51. Bd3 Kb7 52. Re4 Rg7
53. Bc4 Rh8 54. Nxa4 Ra8 55. Bb3 Rc7 56. Re6 Rd8 57. Re3 Rc1 58. Rc3 Re1 59.
Nb2 Rb1 60. Nc4 Re1 61. Na5+ Ka8 62. Ba4 Rf8 63. f4 Re2+ 64. Kf3 Rd2 65. h5 Kb8
66. Bc6 Rf7 67. Nc4 Ra2 68. Nxd6 Re7 69. Ne4 Ra1 70. d6 Rh7 71. g4 Rf1+ 72. Ke3
Re1+ 73. Kd4 Kc8 74. Nf6 Rh8 75. Bb5+ Kd8 76. Rc7 Rd1+ 77. Kc5 Rxh5+ 78. gxh5
Rc1+ 79. Kb6 Rc6+ 80. Kb7 Rb6+ 81. Ka8 Rb8+ 82. Ka7 Ra8+ 83. Kb6 Ra6+ 84. Kc5
Rc6+ 85. Kd4 Rc4+ 86. Ke5 Re4+ 87. Kf5 Rxf4+ 88. Kg6 Rxf6+ 89. Kh7 Rh6+ 90. Kg7
Rg6+ 91. Kf7 Rf6+ 92. Kg8 Rf8+ 93. Kh7 Rh8+ 94. Kg6 Rg8+ 95. Rg7 Rxg7+ 1-0

[Event "XV C.to Mondiale seniores"]
[Site "Lignano Sabbiadoro ITA"]
[Date "2005.10.02"]
[Round "5"]
[White "Belokopyt, Boris"]
[Black "Guaglianone, Mario"]
[Result "1-0"]
[WhiteElo "2111"]
[BlackElo "2155"]
[PlyCount "149"]
[EventDate "2005.09.28"]

1. d4 d6 2. Nf3 Nf6 3. c4 g6 4. Nc3 Bg7 5. e4 O-O 6. Be2 e5 7. O-O exd4 8. Nxd4
Nc6 9. Nxc6 bxc6 10. Bf3 Nd7 11. h3 Ne5 12. Be2 f5 13. f4 Nf7 14. Bf3 Bd7 15.
exf5 gxf5 16. Ne2 a5 17. Qc2 Rb8 18. Rb1 c5 19. Bd2 a4 20. Bc3 Qh4 21. Bxg7
Kxg7 22. Qc3+ Qf6 23. Qxf6+ Kxf6 24. Nc3 Be6 25. Bd5 Nd8 26. Nxa4 c6 27. Bxe6
Nxe6 28. Nc3 Nd4 29. Kf2 Rfe8 30. b3 h5 31. Rfe1 h4 32. Rxe8 Rxe8 33. Re1 Rg8
34. Ne2 Ne6 35. Rd1 Ke7 36. Rd3 Ra8 37. a4 Rd8 38. Kf3 d5 39. g4 hxg3 40. Kxg3
d4 41. Kf2 Kf6 42. Ke1 Rg8 43. Kf2 Rd8 44. Kf3 Rh8 45. Kf2 Rd8 46. h4 Kg6 47.
Kg3 Kh5 48. Kh3 Kg6 49. Rg3+ Kf7 50. Rd3 Kg6 51. a5 Ra8 52. Rg3+ Kf7 53. h5
Rxa5 54. h6 Ra8 55. Kg2 Rh8 56. Rh3 Kg6 57. Kf3 Rxh6 58. Rg3+ Kf7 59. Nc1 Nf8
60. Nd3 Nd7 61. Rg5 Rh3+ 62. Ke2 Re3+ 63. Kd2 Kf6 64. Rh5 Rg3 65. Rh6+ Rg6 66.
Rh7 Rg2+ 67. Ke1 Rg7 68. Rh6+ Rg6 69. Rh8 Ke7 70. Rh7+ Kd6 71. Rxd7+ Ke6 72.
Rc7 Rg1+ 73. Kf2 Rb1 74. Rxc6+ Ke7 75. Nxc5 1-0

[Event "XV C.to Mondiale seniores"]
[Site "Lignano Sabbiadoro ITA"]
[Date "2005.10.02"]
[Round "5"]
[White "Beltrami, Nerio"]
[Black "Wagman, Stuart"]
[Result "0-1"]
[WhiteElo "2045"]
[BlackElo "2142"]
[PlyCount "48"]
[EventDate "2005.09.28"]

1. e4 e5 2. Nf3 Nc6 3. Bb5 a6 4. Ba4 Nf6 5. O-O Nxe4 6. d4 b5 7. Bb3 d5 8. dxe5
Be6 9. c3 Bc5 10. Nbd2 O-O 11. Bc2 Nxf2 12. Rxf2 f6 13. Nb3 Bxf2+ 14. Kxf2 fxe5
15. Kg1 Bg4 16. h3 Bxf3 17. gxf3 Qh4 18. Qxd5+ Kh8 19. Kg2 Rf6 20. Qe4 Rg6+ 21.
Qxg6 hxg6 22. Bxg6 Rd8 23. Be3 Ne7 24. Be4 Nd5 0-1

[Event "XV C.to Mondiale seniores"]
[Site "Lignano Sabbiadoro ITA"]
[Date "2005.10.02"]
[Round "5"]
[White "Bernhoeft, Erhard"]
[Black "MacDonald-Ross, Michael"]
[Result "1/2-1/2"]
[WhiteElo "2079"]
[BlackElo "2233"]
[PlyCount "39"]
[EventDate "2005.09.28"]

1. c4 e6 2. Nf3 Nf6 3. g3 Be7 4. Nc3 d5 5. d4 O-O 6. Bg2 Nbd7 7. cxd5 exd5 8.
O-O c6 9. Qc2 Re8 10. h3 Nf8 11. Ne5 Ne6 12. Nf3 g6 13. Bh6 Ng7 14. g4 Ne6 15.
Rad1 Bd6 16. e3 Kh8 17. Ng5 Nxg5 18. Bxg5 Be7 19. Bf4 Bd6 20. Bg5 1/2-1/2

[Event "XV C.to Mondiale seniores"]
[Site "Lignano Sabbiadoro ITA"]
[Date "2005.10.02"]
[Round "5"]
[White "Bitzer, Dieter"]
[Black "Strenzwilk, Denis"]
[Result "0-1"]
[WhiteElo "2003"]
[BlackElo "2104"]
[PlyCount "66"]
[EventDate "2005.09.28"]

1. e4 c5 2. c3 Nf6 3. d3 Nc6 4. f4 d5 5. e5 Ng4 6. h3 Nh6 7. Nf3 Nf5 8. g4 Ng3
9. Rg1 Nxf1 10. Rxf1 e6 11. Be3 d4 12. Bf2 Be7 13. Nbd2 dxc3 14. Ne4 cxb2 15.
Rb1 Qa5+ 16. Ke2 Qxa2 17. Qd2 Qa5 18. Qxb2 O-O 19. Ra1 Qd8 20. Nxc5 b6 21. Ne4
Bb7 22. f5 Nb4 23. Rad1 Bxe4 24. dxe4 Qc8 25. Ne1 Qc4+ 26. Kf3 Qxf1 27. Kg3
Rfd8 28. Rxd8+ Rxd8 29. f6 Bc5 30. Bxc5 Qxe1+ 31. Bf2 Nd3 32. Bxe1 Nxb2 33. g5
Rd3+ 0-1

[Event "XV C.to Mondiale seniores"]
[Site "Lignano Sabbiadoro ITA"]
[Date "2005.10.02"]
[Round "5"]
[White "Blaushtain, Boris"]
[Black "Korhonen, Erkki"]
[Result "0-1"]
[WhiteElo "2170"]
[BlackElo "2031"]
[PlyCount "56"]
[EventDate "2005.09.28"]

1. c4 Nf6 2. Nc3 c5 3. g3 g6 4. Bg2 Nc6 5. f4 d6 6. Nf3 Bg7 7. O-O Be6 8. d3
Qd7 9. Ng5 Bg4 10. h3 h6 11. Nxf7 Kxf7 12. hxg4 Qxg4 13. Kh2 Qh5+ 14. Bh3 g5
15. g4 Nxg4+ 16. Kg2 Nf6 17. Bf5 g4 18. e4 Qh3+ 19. Kg1 Qg3+ 20. Kh1 Qh3+ 21.
Kg1 e6 22. Bxe6+ Kxe6 23. Nd5 Qg3+ 24. Kh1 Qh3+ 25. Kg1 Nxd5 26. cxd5+ Ke7 27.
e5 Nd4 28. Kf2 Qh2+ 0-1

[Event "XV C.to Mondiale seniores"]
[Site "Lignano Sabbiadoro ITA"]
[Date "2005.10.02"]
[Round "5"]
[White "Cesati Cassin, Giorgio"]
[Black "Barlo, Werner"]
[Result "0-1"]
[WhiteElo "1419"]
[BlackElo "1876"]
[PlyCount "92"]
[EventDate "2005.09.28"]

1. e4 c5 2. Nc3 Nc6 3. Nf3 g6 4. g3 Bg7 5. Bg2 d6 6. d3 Nf6 7. O-O O-O 8. Bd2
Bg4 9. Re1 Nd4 10. h3 Nxf3+ 11. Bxf3 Bc8 12. Bg2 Nd7 13. Rb1 Rb8 14. Qc1 b5 15.
a3 Ne5 16. Bh6 Be6 17. Bxg7 Kxg7 18. f4 Nc6 19. e5 Nd4 20. Qd1 Qc8 21. Kh2 b4
22. Ne2 Nf5 23. Qd2 h5 24. h4 Nh6 25. Kg1 Bh3 26. Bf3 Bg4 27. Bg2 Nf5 28. axb4
cxb4 29. Rec1 Qc5+ 30. d4 Qc4 31. Bf1 Bxe2 32. Qxe2 Qxd4+ 33. Kh2 Qe3 34. Qxe3
Nxe3 35. exd6 exd6 36. Bd3 Rfd8 37. Re1 Ng4+ 38. Kg2 Re8 39. Re2 Rxe2+ 40. Bxe2
Ne3+ 41. Kf3 Nxc2 42. Ke4 Re8+ 43. Kd3 Ne3 44. b3 Nf5 45. Rg1 Re3+ 46. Kd2 Rxb3
0-1

[Event "XV C.to Mondiale seniores"]
[Site "Lignano Sabbiadoro ITA"]
[Date "2005.10.02"]
[Round "5"]
[White "Davydov, Mikhail"]
[Black "Cleal, John"]
[Result "1-0"]
[WhiteElo "2144"]
[BlackElo "2035"]
[PlyCount "85"]
[EventDate "2005.09.28"]

1. e4 c5 2. Nf3 Nc6 3. Bb5 g6 4. d4 cxd4 5. Bxc6 dxc6 6. Qxd4 Qxd4 7. Nxd4 Bg7
8. c3 Nf6 9. f3 O-O 10. Be3 Nd7 11. Nd2 a6 12. a4 Ne5 13. Ke2 Bd7 14. Rhd1 b5
15. axb5 axb5 16. h3 c5 17. N4b3 c4 18. Nc5 Bc6 19. f4 Nd7 20. Nxd7 Bxd7 21.
Bc5 Rfe8 22. Rxa8 Rxa8 23. Nxc4 Bxh3 24. gxh3 bxc4 25. Bxe7 Bh6 26. Kf3 Re8 27.
Rd8 Rxd8 28. Bxd8 Kf8 29. Ke3 Ke8 30. Bf6 Kd7 31. Kd4 Bxf4 32. Kxc4 Ke6 33. Bd4
h5 34. b4 g5 35. Kd3 g4 36. hxg4 hxg4 37. b5 Bb8 38. c4 f5 39. exf5+ Kxf5 40.
c5 Ke6 41. Ke4 Bh2 42. b6 Kd7 43. Kd5 1-0

[Event "XV C.to Mondiale seniores"]
[Site "Lignano Sabbiadoro ITA"]
[Date "2005.10.02"]
[Round "5"]
[White "Dinser, Hans"]
[Black "Acunzo, Domenico"]
[Result "1/2-1/2"]
[WhiteElo "1997"]
[BlackElo "1828"]
[PlyCount "146"]
[EventDate "2005.09.28"]

1. e4 d6 2. d4 Nf6 3. Bd3 g6 4. c4 e5 5. d5 Bg7 6. Ne2 O-O 7. Nbc3 Na6 8. Ng3
Nc5 9. Bc2 a5 10. b3 Bd7 11. O-O Ng4 12. f3 Nh6 13. Bd2 f5 14. exf5 Nxf5 15.
Nge4 Nxe4 16. Nxe4 Nd4 17. Bg5 Qe8 18. Bd3 Rf7 19. Qd2 Qf8 20. Rf2 h6 21. Be3
Nf5 22. Raf1 Nxe3 23. Qxe3 b6 24. a4 Qe7 25. Ng3 Bf5 26. Be4 Raf8 27. Qd3 h5
28. Qd2 Bxe4 29. Nxe4 Rf4 30. g3 R4f5 31. h4 Qd8 32. Kg2 Qe7 33. Qe3 Qd8 34.
Nc3 R8f7 35. Ne4 Rf8 36. Kh3 Qd7 37. Kh2 Qe7 38. Qd2 Qd8 39. b4 axb4 40. Qxb4
Qd7 41. a5 bxa5 42. Qxa5 Rb8 43. Ra1 Rff8 44. Ng5 e4 45. Re1 exf3 46. Ne6 Rfc8
47. Qa3 Be5 48. Qxf3 c6 49. Qe4 Qh7 50. dxc6 g5 51. Qxh7+ Kxh7 52. c7 Rb3 53.
Nxg5+ Kg6 54. Rf3 Rb2+ 55. Kh3 Rxc7 56. Re4 Rc2 57. Ne6 Ra7 58. Nf4+ Kh6 59.
Re2 Rc1 60. Nd3 Rh1+ 61. Kg2 Raa1 62. Nxe5 dxe5 63. Rfe3 Rag1+ 64. Kf3 Rh3 65.
Rg2 Rc1 66. Rxe5 Rxc4 67. Rd2 Rc3+ 68. Kf4 Rhxg3 69. Rd6+ Rg6 70. Rxg6+ Kxg6
71. Re6+ Kg7 72. Re5 Kg6 73. Re6+ Kg7 1/2-1/2

[Event "XV C.to Mondiale seniores"]
[Site "Lignano Sabbiadoro ITA"]
[Date "2005.10.02"]
[Round "5"]
[White "Filzmaier, Bruno"]
[Black "Karl, Hans"]
[Result "0-1"]
[WhiteElo "1970"]
[BlackElo "2290"]
[PlyCount "40"]
[EventDate "2005.09.28"]

1. a3 d5 2. e3 Nf6 3. d4 Bf5 4. Nf3 c6 5. c4 e6 6. b4 Bd6 7. Bb2 O-O 8. Nbd2
Nbd7 9. Be2 h6 10. h3 Ne4 11. O-O Qe7 12. Ne5 f6 13. Nxd7 Qxd7 14. cxd5 exd5
15. Nf3 Bxh3 16. gxh3 Qxh3 17. Re1 Ng5 18. Rc1 Nxf3+ 19. Bxf3 Bh2+ 20. Kh1 Bg3+
0-1

[Event "XV C.to Mondiale seniores"]
[Site "Lignano Sabbiadoro ITA"]
[Date "2005.10.02"]
[Round "5"]
[White "Gardi, Giuseppe"]
[Black "Cavatorta, Fosco"]
[Result "0-1"]
[WhiteElo "2099"]
[BlackElo "1985"]
[PlyCount "70"]
[EventDate "2005.09.28"]

1. d4 d6 2. Nf3 g6 3. Bf4 Bg7 4. e3 Nd7 5. h3 e5 6. Bh2 Qe7 7. Be2 f5 8. O-O
Nh6 9. c4 O-O 10. Nc3 c6 11. b4 Nf7 12. b5 g5 13. bxc6 bxc6 14. Rc1 h5 15. dxe5
dxe5 16. Qa4 g4 17. hxg4 hxg4 18. Ne1 Nd8 19. e4 Qg5 20. Qd1 Nc5 21. exf5 Bxf5
22. Nd3 Nxd3 23. Bxd3 Ne6 24. Ne4 Bxe4 25. Bxe4 Nd4 26. Rc3 Rad8 27. Qe1 Rd6
28. Qe3 Qh5 29. Re1 Bh6 30. f4 Bxf4 31. Bxf4 exf4 32. Qf2 Qg5 33. c5 g3 34. Qf1
Qh4 35. Qc4+ Kg7 0-1

[Event "XV C.to Mondiale seniores"]
[Site "Lignano Sabbiadoro ITA"]
[Date "2005.10.02"]
[Round "5"]
[White "Gruzmann, Boris"]
[Black "Laco, Giuseppe"]
[Result "1-0"]
[WhiteElo "2278"]
[BlackElo "2104"]
[PlyCount "47"]
[EventDate "2005.09.28"]

1. e4 c5 2. Nf3 e6 3. c4 Nc6 4. Nc3 a6 5. d4 cxd4 6. Nxd4 Qf6 7. Nc2 g6 8. Be2
h5 9. O-O Nh6 10. Be3 Ng4 11. Bxg4 hxg4 12. Qxg4 Ne5 13. Qe2 Rxh2 14. Kxh2 Qh4+
15. Kg1 Ng4 16. Bf4 Bc5 17. Qf3 b5 18. b4 Ba7 19. c5 Bb7 20. Qg3 Qxg3 21. Bxg3
f5 22. f3 Nh6 23. Bd6 Nf7 24. e5 1-0

[Event "XV C.to Mondiale seniores"]
[Site "Lignano Sabbiadoro ITA"]
[Date "2005.10.02"]
[Round "5"]
[White "Harito, Roberto"]
[Black "Scarpellini, Felice"]
[Result "1/2-1/2"]
[WhiteElo "1733"]
[BlackElo "1942"]
[PlyCount "85"]
[EventDate "2005.09.28"]

1. e4 d6 2. d4 g6 3. Nc3 Bg7 4. Be3 c6 5. Qd2 Nf6 6. f3 Nbd7 7. Bh6 O-O 8. g4
e5 9. Bxg7 Kxg7 10. h4 h5 11. g5 Nh7 12. d5 c5 13. Bh3 a6 14. Bxd7 Bxd7 15. Qe3
f6 16. gxf6+ Qxf6 17. O-O-O Qf4 18. Qxf4 Rxf4 19. Kd2 Raf8 20. Ke3 b5 21. Rd2
b4 22. Nd1 a5 23. b3 a4 24. Nb2 axb3 25. cxb3 Bb5 26. Rg2 Ra8 27. Nd3 Rf7 28.
Rhh2 Rb7 29. Rg3 Rba7 30. Rgg2 Ra3 31. Nc1 c4 32. Rb2 c3 33. Rbc2 Nf8 34. Nd3
Bxd3 35. Kxd3 Rc8 36. Ne2 Nd7 37. Nc1 Ra6 38. Ke3 Nc5 39. Rh1 Rf8 40. Ne2 Rfa8
41. Nc1 Rf8 42. Ne2 Rfa8 43. Nc1 1/2-1/2

[Event "XV C.to Mondiale seniores"]
[Site "Lignano Sabbiadoro ITA"]
[Date "2005.10.02"]
[Round "5"]
[White "Haug, Kjell Martin"]
[Black "Giani, Franco"]
[Result "1-0"]
[WhiteElo "1950"]
[BlackElo "2083"]
[PlyCount "87"]
[EventDate "2005.09.28"]

1. c4 c5 2. Nc3 g6 3. e4 Bg7 4. g3 Nc6 5. Bg2 d6 6. Nge2 Nf6 7. O-O Be6 8. d3
O-O 9. Nd5 Qd7 10. Nef4 Bxd5 11. cxd5 Nd4 12. Be3 Ng4 13. Bh3 Nxe3 14. fxe3 Qb5
15. exd4 Bxd4+ 16. Kh1 b6 17. Rb1 a5 18. Ne2 Bg7 19. Nc3 Qa6 20. a4 Bxc3 21.
bxc3 c4 22. Rb5 cxd3 23. Qxd3 Rab8 24. Rfb1 Qa7 25. Qd4 Qa6 26. Bf1 Qa7 27.
Rxb6 Rxb6 28. Qxb6 Qd7 29. Qxa5 Qg4 30. Qb4 Rc8 31. Bg2 Qe2 32. Qb2 Qe3 33. Rc1
Rc4 34. a5 Ra4 35. Rf1 Qa7 36. Qb6 Qa8 37. Qc7 Rxa5 38. Qxe7 Ra7 39. Qxd6 Ra6
40. Qe7 Ra7 41. Qf6 Qe8 42. e5 Re7 43. e6 fxe6 44. dxe6 1-0

[Event "XV C.to Mondiale seniores"]
[Site "Lignano Sabbiadoro ITA"]
[Date "2005.10.02"]
[Round "5"]
[White "Haupt, Joachim"]
[Black "Hasberger, Walter"]
[Result "0-1"]
[WhiteElo "1841"]
[BlackElo "1975"]
[PlyCount "94"]
[EventDate "2005.09.28"]

1. e4 e6 2. c4 d5 3. cxd5 exd5 4. f3 dxe4 5. Qa4+ Nc6 6. Qxe4+ Be7 7. Nc3 Nf6
8. Qb1 O-O 9. Bc4 Qd4 10. b3 Bc5 11. Nd1 Qe5+ 12. Ne2 Re8 13. Bb2 Bd4 14. Bxd4
Nxd4 15. Ne3 Nxe2 16. Bxe2 Nd5 17. Qc1 Nxe3 18. dxe3 Qxe3 19. Qxe3 Rxe3 20. Kf2
Re7 21. Bd3 Be6 22. Rad1 g6 23. Rhe1 Kf8 24. Bc2 Rd7 25. Be4 c6 26. Rxd7 Bxd7
27. h4 Be6 28. h5 Rd8 29. Ke2 Ke7 30. hxg6 hxg6 31. Rh1 Kf6 32. Rd1 Rxd1 33.
Kxd1 Ke5 34. g3 g5 35. Bd3 f5 36. Ke2 f4 37. gxf4+ gxf4 38. Kd2 Kd4 39. Bc2 a5
40. a3 b5 41. Bd1 c5 42. a4 b4 43. Bc2 Bd5 44. Bd1 c4 45. bxc4 Bxc4 46. Bc2 Bd5
47. Bd1 Bc6 0-1

[Event "XV C.to Mondiale seniores"]
[Site "Lignano Sabbiadoro ITA"]
[Date "2005.10.02"]
[Round "5"]
[White "Hocevar, Nikola"]
[Black "Zurel, Maxim"]
[Result "1-0"]
[WhiteElo "2093"]
[BlackElo "1945"]
[PlyCount "79"]
[EventDate "2005.09.28"]

1. c4 e5 2. Nc3 Nf6 3. g3 Be7 4. Bg2 d6 5. Nf3 c6 6. O-O O-O 7. d3 Ne8 8. d4
exd4 9. Nxd4 Bf6 10. e4 Qb6 11. Nce2 c5 12. Nc2 Nc6 13. Ne3 Ne7 14. Rb1 g6 15.
Nd5 Nxd5 16. cxd5 Bd7 17. Be3 Qa6 18. a3 Bg7 19. Qd2 b6 20. Rfe1 f5 21. f3 fxe4
22. fxe4 Nf6 23. Bf4 b5 24. Bh6 Rae8 25. Bxg7 Kxg7 26. Nf4 Qc8 27. Qc3 Qd8 28.
e5 dxe5 29. Rxe5 Rxe5 30. Qxe5 Re8 31. Qc3 Qe7 32. Nd3 c4 33. Re1 Qf8 34. Rxe8
Qxe8 35. Ne5 Qe7 36. Qd4 Be8 37. Bh3 Qd8 38. d6 Kf8 39. d7 Bf7 40. Nc6 1-0

[Event "XV C.to Mondiale seniores"]
[Site "Lignano Sabbiadoro ITA"]
[Date "2005.10.02"]
[Round "5"]
[White "Jacob, Konrad"]
[Black "Kummer, Heinz"]
[Result "1/2-1/2"]
[WhiteElo "2049"]
[BlackElo "1998"]
[PlyCount "54"]
[EventDate "2005.09.28"]

1. e4 c5 2. d4 cxd4 3. c3 dxc3 4. Nxc3 d6 5. Bc4 e6 6. Nf3 Nc6 7. O-O Be7 8.
Qe2 a6 9. Rd1 Qc7 10. Bf4 Ne5 11. Bxe5 dxe5 12. Rac1 Qb8 13. Bb5+ Kf8 14. Bd7
Bxd7 15. Rxd7 Nf6 16. Rd3 g6 17. Na4 b5 18. Nc5 Kg7 19. Nd7 Nxd7 20. Rxd7 Bf6
21. Rcc7 Rf8 22. Qc2 Qb6 23. Rc6 Qa5 24. Qb3 Rad8 25. Rcc7 Rxd7 26. Rxd7 Qb6
27. Qd3 Rc8 1/2-1/2